Zivilprozessrecht

Uloženo v:
Podrobná bibliografie
Hlavní autoři: Rosenberg, Leo (Autor), Schwab, Karl Heinz (Autor), Gottwald, Peter (Autor)
Médium: Kniha
Jazyk:němčina
Vydáno: Múnich C. H. Beck 2004
Vydání:16a. ed
Témata:
Tagy: Přidat tag
Žádné tagy, Buďte první, kdo vytvoří štítek k tomuto záznamu!

MARC

LEADER 00000nam a2200000 a 4500
001 UCG5013
003 CL-VaPUC
008 101216e20040000GW |||||||||||||||||ger|d
020 |a 9783406503861 
082 0 4 |a 340.56  |b ROS  |2 21 
100 0 |a Rosenberg, Leo  |e author  |9 554528 
700 0 |a Schwab, Karl Heinz  |e author  |9 554529 
700 0 |a Gottwald, Peter  |e author  |9 554530 
245 1 0 |a Zivilprozessrecht 
250 |a 16a. ed 
300 |a 1391 p 
942 |c BK 
945 |d 20101216 00:00:00  |a dcastane 
260 |a Múnich  |b C. H. Beck  |c 2004 
650 0 |a Derecho civil  |9 255013 
650 7 |a TRATADO DE PROCEDIMIENTO CIVIL  |2 CL-VaPUC  |9 554531 
651 0 |a Alemania  |9 255688 
583 |a last modification  |c 20101216 00:00:00  |k Rodrigo Vera 
999 |c 343587  |d 343585 
952 |0 0  |1 0  |4 0  |6 340_560000000000000_ROS_2004  |7 0  |8 A  |9 441004  |a BIBDER  |b BIBDER  |d 2019-11-22  |i 4743865  |l 1  |o 340.56 ROS 2004  |p 4743865  |r 2023-12-12  |s 2023-12-06  |w 2019-11-22  |y BK  |k DER